| 000 | 01225nam a2200265 a 4500 | ||
|---|---|---|---|
| 001 | 001033555 | ||
| 003 | AM-YeHGA | ||
| 005 | 20250618074314.0 | ||
| 008 | 140812s2014 ai r 000 0 arm d | ||
| 020 | _a9789939610894 | ||
| 040 | _aAM-YeHGA | ||
| 041 | 0 | _aarm | |
| 100 | 1 | _aՄաթևոսյան, Աշոտ Վարազդատի | |
| 245 | 1 | 0 |
_aՀարկաբյուջետային քաղաքականությունը և ՀՀ կառուցվածքային բյուջեի գնահատականը / _cԱ.Վ. Մաթևոսյան, Վ. Ջանվելյան, Շ. Ալեքսանյան ; Մասն. խմբ.՝ Վ Միրզոյան ; ՀՊՏՀ. |
| 260 |
_aԵրևան : _bՏնտեսագետ, _c2014. |
||
| 300 |
_a56 էջ : _bաղյս., գծանկ., ; _c24 սմ. |
||
| 440 | 0 |
_a"Ամբերդ" _v8 |
|
| 504 | _aՄատենագիտ. տողատ. ծանոթ | ||
| 650 | 1 | 4 |
_aԲյուջե _zՀայաստանի Հանրապետություն |
| 700 | 1 | _aՋանվելյան, Վահրամ Սամվելի | |
| 700 | 1 | _aԱլեքսանյան, Շուշան | |
| 700 | 1 |
_aՀարությունյան, Վ.Լ., _eմասն. խմբ. _4edt. |
|
| 710 | 2 |
_aՀայաստանի պետական տնտեսագիտական համալսարան _94131 |
|
| 090 | _c340505 | ||
| 999 |
_c338725 _d338725 |
||